Le Bar de l'Oriental / (Record no. 137126)

MARC details
000 -CABECERA
campo de control de longitud fija 01866nam a2200337 i 4500
001 - NÚMERO DE CONTROL
campo de control 991061720884206706
003 - IDENTIFICADOR DEL NÚMERO DE CONTROL
campo de control ES-BaIT
005 - FECHA Y HORA DE LA ÚLTIMA TRANSACCIÓN
campo de control 20260224135004.0
008 - DATOS DE LONGITUD FIJA--INFORMACIÓN GENERAL
campo de control de longitud fija 260224e202402 fr a gr 000 d fre c
020 ## - NÚMERO INTERNACIONAL ESTÁNDAR DEL LIBRO
Número Internacional Estándar del Libro 9782749816241
040 ## - FUENTE DE LA CATALOGACIÓN
Centro catalogador/agencia de origen ES-BaIT
Lengua de catalogación cat
Normas de descripción rda
Centro/agencia transcriptor ES-BaIT
080 ## - NÚMERO DE LA CLASIFICACIÓN DECIMAL UNIVERSAL
Número de la Clasificación Decimal Universal 840-2"19"
100 1# - ENTRADA PRINCIPAL--NOMBRE DE PERSONA
Nombre de persona Rouart, Jean-Marie,
Fechas asociadas al nombre 1943-
Término indicativo de función/relación autor
9 (RLIN) 43619
245 13 - MENCIÓN DE TÍTULO
Título Le Bar de l'Oriental /
Mención de responsabilidad, etc. Jean-Marie Rouart, de l'Académie française
264 #1 - PRODUCCIÓN, PUBLICACIÓN, DISTRIBUCIÓN, FABRICACIÓN Y COPYRIGHT
Producción, publicación, distribución, fabricación y copyright Paris :
Nombre del de productor, editor, distribuidor, fabricante L'avant-scène théâtre,
Fecha de producción, publicación, distribución, fabricación o copyright février 2024
300 ## - DESCRIPCIÓN FÍSICA
Extensión 70 pàgines, 8 pàgines de làmines sense numerar :
Otras características físicas i·lustracions ;
Dimensiones 21 cm
336 ## - TIPO DE CONTENIDO
Término de tipo de contenido text
Código de tipo de contenido txt
Fuente rdacontent
336 ## - TIPO DE CONTENIDO
Término de tipo de contenido imatge fixa
Código de tipo de contenido sti
Fuente rdacontent
337 ## - TIPO DE MEDIO
Nombre/término del tipo de medio sense mediació
Código del tipo de medio n
Fuente rdamedia
338 ## - TIPO DE SOPORTE
Nombre/término del tipo de soporte volum
Código del tipo de soporte nc
Fuente rdacarrier
490 1# - MENCIÓN DE SERIE
Mención de serie L'Avant-Scène Théâtre ;
Designación de volumen o secuencia no 1555
500 ## - NOTA GENERAL
Nota general P6: D2, H4
500 ## - NOTA GENERAL
Nota general Publicat com no 1555 (février 2024) de la revista L'Avant-scène théâtre
500 ## - NOTA GENERAL
Nota general Estrena Festival Les 3 coups de Jarnac, juliol de 2023
520 ## - SUMARIO, ETC.
Sumario, etc. "Nord Tonkin, 1950. Le conflit indochinois fait rage, l'armée française vacille et la ville de Lang Son retient son souffle, face à une offensive imminente du Vietminh. À la résidence des Pagodes, dans une nonchalante opulence qui contraste avec le tumulte de l'éxterieur, cinq personnages poursuivent leurs propres guerres. Porquoi Dorothée et Jean se sont-ils mariés? Dans quelles circonstances Dorothée a-t-elle connu le commandant de Marbourg, à Saigon? Quelles sont les ambitions de la jeune Mariane et du tenace commissaire Angeli? Entre torpeur, déni et désirs enfouis : la passé ressurgit dans l'urgence du présent"--
Fuente proveedora Contracoberta
651 00 - PUNTO DE ACCESO ADICIONAL DE MATERIA--NOMBRE GEOGRÁFICO
Nombre geográfico Indoxina
Subdivisión general Història
Subdivisión cronológica 1945-
Subdivisión de forma Textos dramàtics
9 (RLIN) 168653
830 ## - PUNTO DE ACCESO ADICIONAL DE SERIE-TÍTULO UNIFORME
Título uniforme Avant-scène.
Nombre de parte o sección de la obra Théâtre
Designación de volumen o secuencia no 1555
9 (RLIN) 168170
908 ## - COLOCAR PARÁMETRO DE COMANDO (RLIN)
Colocar parámetro de comando CDMAE
940 ## - EQUIVALENCIA O REFERENCIA-CRUZADA--TÍTULO UNIFORME [OBSOLETO] [solamente CAN/MARC]
Título uniforme <a href="CDMAE">CDMAE</a>
942 ## - ELEMENTOS DE ENTRADA AGREGADA (KOHA)
Fuente del sistema de clasificación o colocación Clasificación decimal universal
Tipo de ítem Koha Llibre
Holdings
Estado de retiro Estado de pérdida Fuente del sistema de clasificación o colocación Estado dañado No para préstamo Localización permanente Ubicación/localización actual Ubicación en estantería Fecha de adquisición Fuente de adquisición Total de préstamos Signatura topográfica completa Código de barras Fecha visto por última vez Precio válido a partir de Tipo de ítem Koha
    Clasificación decimal universal     Biblioteca Barcelona Biblioteca Barcelona BCN Magatzem Revistes 24/02/2026 Compra   S 143-06 1900089863 24/02/2026 24/02/2026 Llibre

Powered by Koha